| 000 | 01918cam a22003255a 4500 | ||
|---|---|---|---|
| 001 | 17834005 | ||
| 005 | 20161102112613.0 | ||
| 008 | 130801s2014 nyuab frb 001 0 eng d | ||
| 010 | _a 2013030691 | ||
| 020 | _a0199965625 | ||
| 020 | _a9780199965625 | ||
| 040 |
_aDLC _beng _cDLC _dDLC _dEG-ScBUE |
||
| 042 | _apcc | ||
| 082 | 0 | 4 |
_222 _a327 _bWOR |
| 245 | 0 | 0 |
_aWorld politics in a new era / _cSteven L. Spiegel ... [et al.]. |
| 250 | _a6th ed. | ||
| 260 |
_aOxford : _bOxford University Press, _c2015. |
||
| 300 |
_axxviii, 564 p. : _bill., col. maps ; _c23 cm. |
||
| 500 | _aIndex : p. 546-564. | ||
| 504 | _aBibliography : p. 502-512. | ||
| 505 | _aMaps ; Special Features ; Preface ; pt. 1. FOUNDATIONS OF WORLD POLITICS: CHAPTER 1: World Politics: complexity and competing processes -- CHAPTER 2: Theory and World Politics -- CHAPTER 3: World Politics and Economics: 1648-1945 -- CHAPTER 4: World Politics and Economics: The Cold War -- CHAPTER 5: Imperialism and Its Survivors -- CHAPTER 6: Globalization and Fragmentation in a New World Order: 1991 to the Present -- pt. 2. THE MAJOR ISSUES IN WORLD POLITICS: CHAPTER 7: Security Theory in Practice -- CHAPTER 8: Contemporary Security Issues -- CHAPTER 9: World Politics: Trade and Investment -- CHAPTER 10: World Politics: Development -- CHAPTER 11: Human Issues: Demographic Trends -- CHAPTER 12: Resource Issues -- CHAPTER 13: Global Governance: International Law and International Organization -- CHAPTER 14: World Politics in Context. | ||
| 520 | _aThis primary text for the introductory course in international relations follows a progression of history first, issues second and theory third. | ||
| 590 | _aWessam | ||
| 650 | 7 |
_aWorld politics. _2BUEsh _911141 |
|
| 650 | 7 |
_aEconomic history. _2BUEsh _936878 |
|
| 651 | _2BUEsh | ||
| 653 |
_bBUSBOL _cNovember2016 |
||
| 700 | 1 |
_aSpiegel, Steven L. _941647 |
|
| 942 |
_2ddc _e22 _k327 WOR |
||
| 999 |
_c22981 _d22953 |
||